مكتبة جامعة عجلون الوطنية

فهرس بحث المكتبة

Normal view MARC view
  • الوادي،محمود حسين ، خريس،ابراهيم محمد ، سمحان،حسين محمد ، رزيق،كمال محمد ، لطايفة،أمجد سالم

Entry Personal Name

Number of records used in: 1

001 - CONTROL NUMBER

  • control field: 28163

003 - CONTROL NUMBER IDENTIFIER

  • control field: JO-AjAnu

005 - DATE AND TIME OF LATEST TRANSACTION

  • control field: 20230606074756.0

008 - FIXED-LENGTH DATA ELEMENTS

  • fixed length control field: 230606|| aca||aabn | a|a d

040 ## - CATALOGING SOURCE

  • Original cataloging agency: JO-AjAnu
  • Transcribing agency: JO-AjAnu

100 ## - HEADING--PERSONAL NAME

  • Personal name: الوادي،محمود حسين ، خريس،ابراهيم محمد ، سمحان،حسين محمد ، رزيق،كمال محمد ، لطايفة،أمجد سالم

670 ## - SOURCE DATA FOUND

  • Source citation: Work cat.: (JO-AjAnu)14457: الوادي،محمود حسين ، خريس،ابراهيم محمد ، سمحان،حسين محمد ، رزيق،كمال محمد ، لطايفة،أمجد سالم , author, الإقتصاد الإسلامي